South Eastern Kenya University

Library Online Public Access Catalogue


Fatal sequence : (Record no. 7072)

MARC details
000 -LEADER
fixed length control field 00635cam a22001814a 4500
020 ## - ISBN
International Standard Book Number 193259406X (hardcover)
050 00 - LIBRARY OF CONGRESS CALL NUMBER
Classification Number RJ320.S45
Item Number T73 2005
100 1# - MAIN ENTRY--Author
Personal name Tracey, Kevin J.
245 10 - TITLE
Title Fatal sequence :
Remainder of title the killer within /
Statement of responsibility, etc Kevin J. Tracey.
260 ## - PUBLICATION, DISTRIBUTION, ETC.(IMPRINT)
Place of publication, distribution, etc New York :
Name of publisher, distributor, etc Dana Press,
Date of publication, distribution, etc c2005.
300 ## - PHYSICAL DESCRIPTION
Extent 224 p. ;
650 #0 - SUBJECT--TOPIC
General subdivision Patients
Form subdivision Biography.
650 #0 - SUBJECT--TOPIC
General subdivision Patients
Form subdivision Biography,
856 41 - URL/ELECTRONIC LOCATION AND ACCESS
Uniform Resource Identifier <a href="http://www.loc.gov/catdir/toc/ecip052/2004025330.html">http://www.loc.gov/catdir/toc/ecip052/2004025330.html</a>
856 42 - URL/ELECTRONIC LOCATION AND ACCESS
Uniform Resource Identifier <a href="http://www.loc.gov/catdir/enhancements/fy0617/2004025330-b.html">http://www.loc.gov/catdir/enhancements/fy0617/2004025330-b.html</a>
856 42 - URL/ELECTRONIC LOCATION AND ACCESS
Uniform Resource Identifier <a href="http://www.loc.gov/catdir/enhancements/fy0617/2004025330-d.html">http://www.loc.gov/catdir/enhancements/fy0617/2004025330-d.html</a>
942 ## - ADDED ENTRY ELEMENTS(KOHA)
Source of classification or shelving scheme Library of Congress Classification
Koha item type General circulation
Holdings
Source of classification or shelving scheme Not for loan Location (home branch) Sublocation (holding branch) Shelving location Date accessioned Full call number Barcode Koha item type Public note
Library of Congress Classification   Main Campus Library Main Campus Library   24/07/2015 RJ320.S45 T73 2005 2015/004711 General circulation amm
Kitui, Kenya.
+254736116989
library@seku.ac.ke